000 00789nam a22001937a 4500
005 20260505143602.0
008 260505b |||||||| |||| 00| 0 eng d
020 _a9780192630415
082 _a614
_bOXF
245 _aOxford Textbook of Global Public Health:
_bThe scope of public health/
_c Detels, Roger, editor. Abdool Karim, Q. (Quarraisha), editor. Baum, Frances, editor. Li, Liming, 1956- editor. Leyland, A. H. (Alastair H.), editor.
250 _a7th.ed
260 _aUnited Kingdom :
_bOxford University Press ;
_c 2015.
300 _a xxix, 820 pages : colour illustrations, colour maps ; 29 cm.
490 _vVol.1,
500 _a2-VOL SET vol.1(820)pages vol.2(1643)pages
650 _aMedical /Public Health
700 _aLeyland, A. H [editor].
999 _c37177
_d37177